LEADER 01052nam0-2200373---45-- 001 990001122000203316 005 20030109103954.0 010 $a88-7000-106-7 035 $a000112200 035 $aUSA01000112200 035 $a(ALEPH)000112200USA01 035 $a000112200 100 $a20030109d1987----y0itay01 b 101 $aita 102 $aIT 105 $a||||||||001yy 200 1 $aAbaritte$estoria verissima$fIppolito Pindemonte$ga cura di Angiola Ferraris 210 $aModena$cMucchi$dcopyr.1987 215 $aLXXVI, 128 p.$d24 cm 225 2 $a<> lapazio$v4 410 1$12001$a<> lapazio 676 $a853.6 700 1$aPINDEMONTE,$bIppolito$0329701 702 1$aFERRARIS,$bAngiola 801 0$aIT$bBNI$c19901023 912 $a990001122000203316 951 $aPAP 1293$bL.M.$cPAP$d00084462 959 $aBK 969 $aUMA 979 $aPAOLA$b90$c20030109$lUSA01$h1039 979 $aPAOLA$b90$c20030109$lUSA01$h1039 979 $aPATRY$b90$c20040406$lUSA01$h1717 996 $aAbaritte$9470551 997 $aUNISA LEADER 00774cam2 22002531 450 001 SOBE00080174 005 20240503083830.0 100 $a20240503d1981 |||||ita|0103 ba 101 $aita 102 $aIT 200 0 $a2$fAngelo Dus 210 $aTorino$cUTET$dc1981 215 $aP. 500-986$d25 cm 461 1$1001E600200029899$12001 $a<>imposta sul valore aggiunto / Angelo Dus 700 1$aDus$b, Angelo$3A600200043696$4070$0239582 801 0$aIT$bUNISOB$c20240503$gRICA 850 $aUNISOB 852 $aUNISOB$j340$m123449 912 $aSOBE00080174 940 $aM 102 Monografia moderna SBN 941 $aW 957 $a340$b005940$i-2$gSI$d123449$1rovito$2UNISOB$3UNISOB$420240503083801.0$520240503083830.0$6rovito 996 $a2$94164975 997 $aUNISOB